00504nam a22001337a 4500008004100000040005500041080002100096245008900117260006300206300001100269500006400280650001500344653001100359230426b |||||||| |||| 00| 0 eng d aNational Science LibrarycNational Science Library aD 02:681.3bN9.2 aCommonwealth universities yearbook 1999 c/ Association of Commonwealth Universities aLondon: bAssociation of Commonwealth Universities, c1999 a1077p. aVol. 1 (Australia to Nigeria) Vol. 2 (Pakistan to Zimbabwe) aManagement aRubber